000 00497nam a2200169Ia 4500
008 131103s9999 xx 000 0 und d
040 _aLoreto College
041 _aEnglish
082 _aF/TRA
_bLCLIB/37738
100 _aTranter,Nigel
245 4 _aThe Wisest Fool
_b a novel of James the Sixth and First
_cNigel Tranter
260 _aGreat Britain
_bCoronnet Books/Hodder and Stoughton
_c1974
300 _a478 p.
_c 18 cm.
650 _aFiction in English
850 _aLCLIB
942 _cBK
999 _c17263
_d67742